000 00931nam a2200277Ia 4500
003 OSt
005 20221005104416.0
006 a|||||r|||| 00| 0
007 ta
008 221004b |||||||| |||| 00| 0 hin d
020 _a9788126318254 (hbk)
_c140
024 _a121626
037 _b13335, 17/07/2012, Kitab Ghar
_cTextual
040 _aCRL
_cCRL
_bhin
041 _2hin
_ahin
082 _aO152,3N63x, Q1
100 _aशर्मा, ओमा
245 0 _aकारोबार
246 _aKārobāra
260 _aदिल्ली
_bभारतीय ज्ञानपीठ भारत
_c2011
300 _a123पृ0
_ccm.
490 _aलोकोदय ग्रन्थमाला; 1006
650 _aहिन्दी साहित्य
942 _hO152,3N63x, Q1
_cTEXL
_2cc
999 _c1012631
_d1012631